书目信息 |
| 书名: | Microprocessor applications handbook | |
| 作者: | David F. Stout, editor-in-chief. | |
| 分册号: | ||
| 分册名: | 出版地: | New York : |
|
| 出版社: | McGraw-Hill | |
| 出版时间: | c1982. | |
| 页数: | ||
| 开本: | 24 cm. | |
| 丛书名: | ||
| 中图分类号: | ||
| 科图分类号: | ||
| 其他分类号: | TP399-62 | |
| 主题词: | ||
| 电子资源: | ||
| 000 | 00762cam 22002650a 4504 | |
| 001 | E0739402469 | |
| 003 | CaOON | |
| 005 | 20070301105927.37 | |
| 008 | 810629s1982 nyua b 0010 eng l | |
| 010 | @a81011787 | |
| 020 | @a0070617988. | |
| 040 | @aDLC@beng@cDLC@dCaOONL | |
| 050 | 00 | @aTK7895.M5@bM463 |
| 082 | 0 | @a621.3819/58 |
| 090 | @aU398.2/W638 | |
| 090 | @aTP399-62 | |
| 093 | @aU398.2 @2 4 | |
| 099 | @dTP399-62@ex9 | |
| 245 | 00 | @aMicroprocessor applications handbook / @cDavid F. Stout, editor-in-chief. |
| 260 | 0 | @aNew York :@bMcGraw-Hill,@cc1982. |
| 300 | @bill. ;@c24 cm. | |
| 504 | @aIncludes bibliographical references and index. | |
| 650 | 0 | @aMicroprocessors. |
| 700 | 10 | @aStout, David F. |
| 920 | @a232010@z2 | |
| Microprocessor applications handbook / / David F. Stout, editor-in-chief.-New York : : McGraw-Hill, , c1982. |
| ill. ; ; 24 cm. |
| Includes bibliographical references and index. |
| ISBN 0070617988. |
| ● |
| 相关链接 |
|
|
|
|
正题名:Microprocessor applications handbook
索取号:TP399-62/x9
 
预约/预借
| 序号 | 登录号 | 条形码 | 馆藏地/架位号 | 状态 | 备注 |
| 1 | 182180 | 001311119 | 第二样本阅览室/ [索取号:TP399-62/x9] | 在馆 | |
| 2 | 182181 | 001311146 | 第四借阅区/ [索取号:TP399-62/x9] | 在馆 |